00432 2200169 4500001002100000008004100021035002000062245006000082100001900142250000600161260003500167300001200202084001400214082000800228650001400236990001200250INLIS000000000001071 ind  a0010-0524000306 aHimpunan Khutbah Jumat dan Dua Hari RayacAhmad Sunarto aSunarto, Ahmad a1 aJakarta :bPustaka Amanic2007 a139 hlm a200 AHM h a200 aNon Fiksi a0744049